000 00428nam a2200205Ia 4500
001 11982
003 GE_BSU
008 181216s||||||||xx |||||||||||||| ||und||
020 _a978009951070
040 _cGE_BSU
080 _a821.111-32
100 _aHill,Jane
245 _aCan't let go
260 _aLondon
260 _bArrow Books.
260 _c2008.
300 _a374p;20cm.
653 _aCan't let go
942 _cBK
999 _c45159
_d45159